00566nam a2200217 a 4500001001300000003000900013005001700022008004100039020002300080082001800103100002100121245003600142260004400178300000900222500003500231505001000266650002300276650001500299700001700314700001700331nice12345678IN_TiNIC20260116014645.0080331s2008 lona grp 000 0 eng  a0195333039 c54500a297.0954bESP aEsposito, John L aAsian Islam in the 21st Century aLondan bOxford University Press c2008 a306p aincludes index and biblioraphy2 aIndex aIslam-20th Century aIslam-Asia1 aVoll, John O1 aBakar, Osman